Представление документа в формате RUSMARC

ПолеНазваниеЗначение
  Тип записи c
  Библиографический уровень m
001 Контрольный номер RU/УОНБ/EK_N/683904608
005 Дата корректировки 20251120094913.6
010 Индекс ISBN __
9 Тираж 50000 экз.
013 Номер (ISMN) __
d Цена 1 р.
071 Издательские номер (звукозапись и ноты) 21
a Номер, присвоенный агентством 4572
100 Данные общей обработки __
a Данные общей обработки 20210902d1978 d y0rusy0189||||ca
101 Язык документа 0_
a Язык текста rus
f Язык титульного листа rus
102 Страна публикации __
a Страна публикации RU
105 Кодированные данные (монография) __
a Кодированные данные (монография) y###||||000|y
125 Кодированные данные звукозаписи и нотных изданий __
a Форма изложения нотного текста с|
128 Кодированные данные (звукозаписи-физические характеристики) __
a Кодированные данные: Музыкальная форма и тональность или лад zz
b Инструменты или голоса, необходимые для ансамблей (устаревшее) cd||
200 Заглавие и сведения об ответственности 1_
a Заглавие Вып. 5
f Первые сведения об ответственности сост. И. Бабичев и И. Зикс
210 Выходные данные 1_
d Дата издания 1978
215 Физическое описание __
a Объем 72 с.
327 Примечание о содержании 11
a Примечание о содержании Содерж. : Праздник в школе. Туликов С. Пятнадцать сестёр / сл. М. Пляцковского. - Львов-Компанеец Д. Белоснежные облака / сл. М. Лисянского. - Герчик В. Песня молодых борцов за мир / сл. В. Мартынова. - Рубин В. Песня о школьной дружбе / сл. В. Коростылёва. - Филиппенко А. Снег-снежок / сл. П. Воронько. - Раухвергер М. Снег летит легко и плавно / сл. В. Тушновой. - Компанеец З. Отважная песня / сл. Л. Кондрашенко. - Парцхаладзе М. Песня о юном партизане / сл. В. Татаринова. - Бак М. Женский день / сл. О. Высотской. - Светлов Г. Дорогое имя / сл. Б. Дворного. - Ренев Вл. Майская песня / сл. А. Пришельца. - Глинка М. Жаворонок / сл. Н. Кукольника. - Солнце, в дом войди : груз. нар. песня / обраб. Д. Аракишвили. - Полянка : рус. нар. танец. - Лисичка : укр. нар. песня. - Лявониха : белорус. нар. танец. - Лирический танец на темы русских народных песен. - Островский А. Новогодняя хороводная. - Эстонский народный танец. - Чеботарян Г. Танец. - В пионерском лагере. Бакалов Л. Песня о пионерской мечте / сл. Ц. Солодаря. - Чичков Ю. Пионерский характер ; Живой уголёк / сл. К. Ибряева. - Львов-Компанеец Д. Летняя песенка / сл. М. Садовского. - Попатенко Т. Пионерская походная / сл. А. Кузнецовой. - Тома А. Вечерняя песня / сл. К. Ушинского. - Шутенко К. Боевая зарница / сл. А. Сыроватского и В. Герасимова. - Песенка о венском лесе : австр. нар. песня / обраб. И. Зикса ; рус. текст Ю. Объедова. - Мурадели В. Песня молодых мастеров / сл. А. Коваленкова. - Оякяр Б. В прибрежном колхозе / сл. Д. Вааранди. - Детские песни народов мира. Сумерки : норв. нар. песня / обраб. В. Локтева. - Ой ты, поле : словен. нар. песня / обраб. С. Павчича. - Доброй ночи : чеш. нар. песня / обраб. И. Зикса. - Музыка для зарядки. Лепин А. Здравствуй, Москва : песня из кф. "Здравствуй, Москва". - Глинка М. Детская полька. - Козловский А., Сизов Н. Вальс : отрывок. - Пойду ль я, выйду ль я : рус. нар. песня / обраб. В. Ефимова. - Блантер М. Когда душа поёт. - Дунаевский И. Молодёжная. - Купревич В. Пингвины. - Шостакович Д. Сентиментальный вальс.
461 Уровень набора _0
1 001RU/УОНБ/EK_N/683901462
1 200
a Пение в школе
b Ноты
e в сопровожд. баяна или аккордеона
e пособие для учителя
v Вып. 5
1 210
a М.
c Советский композитор
d 1974 -
464 Аналитический уровень _0
1 2001
a Пятнадцать сестёр
e Красивы в убранстве лесов и озёр...
1 700 1
a Туликов
b С.
1 702 1
a Пляцковский
b М.
4 520
464 Аналитический уровень _0
1 2001
a Белоснежные облака
e Скоро солнце на землю хлынет...
1 700 1
a Львов-Компанеец
b Д.
1 702 1
a Лисянский
b М.
4 520
464 Аналитический уровень _0
1 2001
a Песня молодых борцов за мир
e Встаёт от края и до края...
1 700 1
a Герчик
b В.
1 702 1
a Мартынов
b В.
4 520
464 Аналитический уровень _0
1 2001
a Песня о школьной дружбе
e Ни зимой, ни летом соссорить нас нельзя...
1 700 1
a Рубин
b В.
1 702 1
a Коростылёв
b В.
4 520
464 Аналитический уровень _0
1 2001
a Снег-снежок
e Снег-снежок засыпал весь лужок...
1 700 1
a Филиппенко
b А.
1 702 1
a Воронько
b П.
4 520
464 Аналитический уровень _0
1 2001
a Снег летит легко и плавно
e Снег летит легко и плавно...
1 700 1
a Раухвергер
b М.
1 702 1
a Тушнова
b В.
4 520
464 Аналитический уровень _0
1 2001
a Отважная песня
e Дорогой героев, дорогой отцов...
1 700 1
a Компанеец
b З.
1 702 1
a Кондрашенко
b Л.
4 520
464 Аналитический уровень _0
1 2001
a Песня о юном партизане
e Мальчуган отличился в суровом бою...
1 700 1
a Парцхаладзе
b М.
1 702 1
a Татаринов
b В.
4 520
464 Аналитический уровень _0
1 2001
a Женский день
e С тёплым ветром прилетает...
1 700 1
a Бак
b М.
1 702 1
a Высотская
b О.
4 520
464 Аналитический уровень _0
1 2001
a Дорогое имя
e Это имя с детства...
1 700 1
a Светлов
b Г.
1 702 1
a Дворный
b Б.
4 520
464 Аналитический уровень _0
1 2001
a Майская песня
e У нас, что ни день - прекрасней...
1 700 1
a Ренев
b Вл.
1 702 1
a Пришелец
b А.
4 520
464 Аналитический уровень _0
1 2001
a Жаворонок
e Между небом и землёй песня раздаётся...
1 700 1
a Глинка
b М.
1 702 1
a Кукольник
b Н.
4 520
464 Аналитический уровень _0
1 2001
a Солнце, в дом войди
e груз. нар. песня
1 702 1
a Аракишвили
b Д.
4 030
464 Аналитический уровень _0
1 2001
a Полянка
e рус. нар. танец
464 Аналитический уровень _0
1 2001
a Лисичка
e укр. нар. песня
1 702 1
a Зикс
b И.
4 030
464 Аналитический уровень _0
1 2001
a Лявониха
e белорус. нар. танец
464 Аналитический уровень _0
1 2001
a Лирический танец на темы русских народных песен
1 702 1
a Зикс
b И.
4 030
464 Аналитический уровень _0
1 2001
a Новогодняя хороводная
1 700 1
a Островский
b А.
464 Аналитический уровень _0
1 2001
a Эстонский народный танец
464 Аналитический уровень _0
1 2001
a Танец
1 700 1
a Чеботарян
b Г.
464 Аналитический уровень _0
1 2001
a Песня о пионерской мечте
e Над рощей лучи догорают...
1 700 1
a Бакалов
b Л.
1 702 1
a Солодарь
b Ц.
4 520
464 Аналитический уровень _0
1 2001
a Пионерский характер
e Мы от песен отрядных своих зажигаем...
1 700 1
a Чичков
b Ю.
1 702 1
a Ибряев
b К.
4 520
464 Аналитический уровень _0
1 2001
a Летняя песенка
e От пяток до макушки...
1 700 1
a Львов-Компанеец
b Д.
1 702 1
a Садовский
b М.
4 520
464 Аналитический уровень _0
1 2001
a Пионерская походная
e Опять идём путями новыми...
1 700 1
a Попатенко
b Т.
1 702 1
a Кузнецова
b А.
4 520
464 Аналитический уровень _0
1 2001
a Вечерняя песня
e Слети к нам, тихий вечер...
1 700 1
a Тома
b А.
1 702 1
a Ушинский
b К.
4 520
464 Аналитический уровень _0
1 2001
a Боевая зарница
e Поднялся по тревоге наш отряд...
a Шутенко
b К.
1 702 1
a Сыроватский
b А.
4 520
1 702 1
a Герасимов
b В.
4 520
464 Аналитический уровень _0
1 2001
a Песенка о венском лесе
e австр. нар. песня
1 702 1
a Зикс
b И.
4 030
1 702 1
a Объедов
b Ю.
4 730
464 Аналитический уровень _0
1 2001
a Песня молодых мастеров
e Хорошо, когда в полёте...
1 700 1
a Мурадели
b В.
1 702 1
a Коваленков
b А.
4 520
464 Аналитический уровень _0
1 2001
a В прибрежном колхозе
e Эту лодку строил я...
1 700 1
a Оякяр
b Б.
1 702 1
a Вааранди
b Д.
4 520
464 Аналитический уровень _0
1 2001
a Сумерки
e Вот сумерки сгустились...
e норв. нар. песня
1 702 1
a Локтев
b В.
4 030
1 702 1
a Тверский
b А.
4 730
464 Аналитический уровень _0
1 2001
a Ой ты, поле
e Ой ты, поле...
e словен. нар. песня
1 702 1
a Павчич
b С.
4 030
464 Аналитический уровень _0
1 2001
a Доброй ночи
e Ночь сизокрылая за окном...
e чеш. нар. песня
1 702 1
a Зикс
b И.
4 030
1 702 1
a Болотин
b С.
4 730
1 702 1
a Сикорская
b Т.
4 730
464 Аналитический уровень _0
1 2001
a Здравствуй, Москва
e песня из кф. "Здравствуй, Москва"
1 700 1
a Лепин
b А.
1 50010
a Здравствуй, Москва
464 Аналитический уровень _0
1 2001
a Детская полька
1 700 1
a Глинка
b М.
464 Аналитический уровень _0
1 2001
a Вальс
e отрывок
1 700 1
a Козловский
b А.
1 701 1
a Сизов
b Н.
464 Аналитический уровень _0
1 2001
a Пойду ль я, выйду ль я
e рус. нар. песня
1 702 1
a Ефимов
b В.
4 030
464 Аналитический уровень _0
1 2001
a Когда душа поёт
1 700 1
a Блантер
b М.
464 Аналитический уровень _0
1 2001
a Молодёжная
1 700 1
a Дунаевский
b И.
464 Аналитический уровень _0
1 2001
a Пингвины
1 700 1
a Купревич
b В.
464 Аналитический уровень _0
1 2001
a Сентиментальный вальс
1 700 1
a Шостакович
b Д.
464 Аналитический уровень _0
1 2001
a Живой уголёк
e Тихо, тихо тает костёр...
1 700 1
a Чичков
b Ю.
1 702 1
a Ибряев
b К.
4 520
512 Заглавие обложки 1_
a Заглавие обложки Пение в школе
606 Тематические рубрики 0_
a Основная рубрика Песни детские
x Основная подрубрика Учебные пособия
610 Ключевые слова 0_
a Ключевые слова песни детские
610 Ключевые слова 0_
a Ключевые слова учебные пособия
686 Индексы других классификаций __
a Классификационный индекс 85.98я71
2 Код системы rubbk
702 Вторичная интеллектуальная ответственность _1
a Фамилия Бабичев
b Имя (инициалы) И.
4 Код отношения 220
702 Вторичная интеллектуальная ответственность _1
a Фамилия Зикс
b Имя (инициалы) И.
4 Код отношения 220
801 Источник записи _0
a Страна RU
b Организация Ульяновская ОНБ
c Дата составления 20210902
g Правила каталогизации RCR
801 Источник записи _1
a Страна RU
b Организация Ульяновская ОНБ
c Дата составления 20210902
g Правила каталогизации RCR
901 Тип документа __
t Тип документа n
w Контрольный № источника RU/УОНБ/EK_N/683901462
909 Создатель записи __
a Создатель записи Лобина Л. И.
938 Служебная информация __
a Имя БД noti
b Имя библиотеки УОНБ
c Имя АИБС МАРК-SQL
d Номер DOC_ID в БД 24493